01037nam a2200337Ia 4500003000400000005001700004008004000021040000700061041001200068082001600080100006300096245004000159260004100199300001100240650002500251650002100276650002000297650003000317650001900347650001800366650002400384650002200408650002000430650002800450650001800478690003000496906001100526942001200537999001700549952013300566OSt20240427115605.0210210b1991 xxu||||| |||| 00| 0 eng d cAL aKannada aK894.9 BASA aBASAVARAJ (R).9136994dಬಸವರಾಜ್ (ಆರ್)  aAgrapuje.bಅಗ್ರಪೂಜೆ aTumakurubShrangara Prakashanac1991 avi,146 aPhotographs 9136995 aKuvempu 9136997 aBendre 9136998 aShivaram Karanta 9136999 aMasti 9137000 aD V G9137001 aRajaratnam 9137002 aPu Ti Na 9137003 aGokaka 9137004 aNarasimhasvami 9137005 aAdiga9137006 aKannada Criticism9136996 a045498 2ddccBK c95040d95040 00102ddc40708KANaALbALcKannada Literatured2021-02-17g50.00l0oK894.9 BASAp045498r2021-02-17 00:00:00w2021-02-17yBK